[Event "16th Varna it"]
[Site "Golden Sands BUL"]
[Date "1977.05.11"]
[Round "1"]
[White "Radev, Nikolai"]
[Black "Pinter, Jozsef"]
[Result "1-0"]
[WhiteElo "2430"]
[BlackElo "2445"]
[EventDate "1977.05.10"]
[PlyCount "95"]

1.d4 Nf6 2.c4 g6 3.g3 Bg7 4.Bg2 O-O 5.Nc3 d6 6.Nf3 Nc6 7.O-O e5 8.d5 Ne7 
9.c5 Ne8 10.cxd6 Nxd6 11.Qb3 a6 12.a4 h6 13.Rd1 f5 14.Be3 g5 15.Bc5 Ng6 
16.Rac1 Rf7 17.Nd2 e4 18.Nc4 Ne5 19.Nxd6 cxd6 20.Bb6 Qe8 21.a5 h5 22.Qb4 
Bf8 23.Bd4 h4 24.Na4 Bd7 25.Nb6 Rd8 26.Qd2 f4 27.Bxe4 hxg3 28.hxg3 Bb5 29.
Rc3 Bh6 30.Qc2 Qe7 31.Kg2 Rdf8 32.Rh1 Qf6 33.g4 Re7 34.Bf5 Rfe8 35.Rch3 
Bg7 36.Qe4 Ng6 37.Bxf6 Rxe4 38.Bxg7 f3+ 39.Rxf3 Kxg7 40.Bxe4 Rxe4 41.Rc3 
Bxe2 42.Rc7+ Kg8 43.Rhh7 Nh4+ 44.Kh2 Bxg4 45.Rcg7+ Kf8 46.Nd7+ Bxd7 47.
Rxd7 Kg8 48.Rdg7+ 1-0

[Event "16th Varna it"]
[Site "Golden Sands BUL"]
[Date "1977.05.11"]
[Round "1"]
[White "Semkov, Semko"]
[Black "Georgiev, Krum"]
[Result "0-1"]
[WhiteElo "2300"]
[BlackElo "2390"]
[EventDate "1977.05.10"]
[PlyCount "42"]

1.e4 c5 2.Nf3 d6 3.d4 cxd4 4.Nxd4 Nf6 5.Nc3 a6 6.Bg5 e6 7.f4 Qc7 8.Qf3 
Nbd7 9.O-O-O b5 10.Bxb5 axb5 11.e5 Ra5 12.exf6 gxf6 13.Rhe1 b4 14.Nc6 Rg8 
15.Ne4 Rxa2 16.Kb1 Bb7 17.Nxf6+ Nxf6 18.Bxf6 Rg6 19.Bh4 Bxc6 20.Qb3 Ra5 
21.f5 Qa7 0-1

[Event "16th Varna it"]
[Site "Golden Sands BUL"]
[Date "1977.05.11"]
[Round "1"]
[White "Sydor, Andrzej"]
[Black "Bonsch, Uwe"]
[Result "1-0"]
[WhiteElo "2425"]
[BlackElo "2440"]
[EventDate "1977.05.10"]
[PlyCount "83"]

1.d4 Nf6 2.Nf3 e6 3.c4 b6 4.g3 Bb7 5.Bg2 c5 6.d5 exd5 7.Nh4 g6 8.O-O Bg7 
9.cxd5 O-O 10.e4 d6 11.a4 Na6 12.Na3 Nb4 13.Re1 Re8 14.Rb1 Ba6 15.Bd2 Nd3 
16.Re3 Qd7 17.h3 c4 18.Qc2 Rac8 19.Bc3 Nc5 20.a5 b5 21.Qe2 Qc7 22.Nc2 Nfd7
23.f4 Nd3 24.Nb4 Qxa5 25.Bxg7 Kxg7 26.Nxd3 cxd3 27.Qxd3 Qb6 28.Kh2 b4 29.
Qd2 Rc4 30.Rc1 Rd4 31.Qf2 Nc5 32.Qf3 Nxe4 33.Rc6 Qb5 34.Qg4 Nf6 35.Nf5+ 
Kf8 36.Rxe8+ Nxe8 37.Nxd4 Qd3 38.Nf3 Bb7 39.Rc1 Bxd5 40.Rf1 Be6 41.Qg5 f6 
42.Qa5 1-0

[Event "16th Varna it"]
[Site "Golden Sands BUL"]
[Date "1977.05.11"]
[Round "1"]
[White "Timoschenko, Gennady"]
[Black "Panbukchian, Valentin"]
[Result "1-0"]
[WhiteElo "2505"]
[BlackElo "2250"]
[EventDate "1977.05.10"]
[PlyCount "75"]

1.e4 e6 2.d4 d5 3.Nd2 Nc6 4.Ngf3 Nf6 5.e5 Ne4 6.Bd3 Nxd2 7.Bxd2 Nb4 8.Bxb4
Bxb4+ 9.c3 Be7 10.Qd2 O-O 11.h4 c5 12.Ng5 h6 13.Bh7+ Kh8 14.Bc2 cxd4 15.
cxd4 Bd7 16.O-O-O Rc8 17.Kb1 Qc7 18.Rc1 Qb6 19.Rh3 Rc4 20.Qd3 g6 21.Nxf7+ 
Rxf7 22.Qxg6 Rg7 23.Qxh6+ Kg8 24.Rg3 Bf8 25.Qh7+ Kf7 26.Rf3+ Ke7 27.Qh6 
Be8 28.Qf6+ Kd7 29.Qxf8 Rxg2 30.Ba4+ Rxa4 31.Rf7+ Bxf7 32.Qxf7+ Kd8 33.
Qf8+ Kd7 34.Qc8+ Ke7 35.Rc7+ Qxc7 36.Qxc7+ Ke8 37.Qc8+ Ke7 38.Qxb7+ 1-0

[Event "16th Varna it"]
[Site "Golden Sands BUL"]
[Date "1977.05.12"]
[Round "2"]
[White "Bonsch, Uwe"]
[Black "Kerchev, Zlatozar"]
[Result "1/2-1/2"]
[WhiteElo "2440"]
[BlackElo "2250"]
[EventDate "1977.05.10"]
[PlyCount "84"]

1.Nf3 d5 2.c4 dxc4 3.Na3 Nf6 4.Nxc4 g6 5.g3 Bg7 6.Bg2 O-O 7.O-O Nfd7 8.d4 
Nc6 9.d5 Nce5 10.Ncxe5 Nxe5 11.Nd4 c5 12.Nb5 Qb6 13.Nc3 Nc4 14.Qc2 Qb4 15.
a3 Qb6 16.Rb1 Bd7 17.Na4 Bxa4 18.Qxa4 Nd6 19.Bd2 c4 20.Bb4 Rfc8 21.Rfc1 
Qc7 22.e4 a5 23.Bxd6 exd6 24.Bf1 b5 25.Qxb5 Rab8 26.Qa4 c3 27.bxc3 Rxb1 
28.Rxb1 Qxc3 29.Rb7 Qf3 30.Qxa5 Be5 31.a4 Rc2 32.Qa7 Kg7 33.Rc7 Rd2 34.Qe3
Qd1 35.Rc4 Bd4 36.Rxd4 Rxd4 37.a5 Qa4 38.Qc3 h5 39.a6 h4 40.Kg2 Qb4 41.Qa1
Qa4 42.Qc3 Qb4 1/2-1/2

[Event "16th Varna it"]
[Site "Golden Sands BUL"]
[Date "1977.05.12"]
[Round "2"]
[White "Rogulj, Branko"]
[Black "Lengyel, Ferenc"]
[Result "1/2-1/2"]
[WhiteElo "2410"]
[BlackElo "2355"]
[EventDate "1977.05.10"]
[PlyCount "30"]

1.e4 c5 2.Nf3 Nc6 3.d4 cxd4 4.Nxd4 g6 5.Nc3 Bg7 6.Be3 Nf6 7.Bc4 Ne5 8.Bb3 
Neg4 9.Bg5 d6 10.h3 Qa5 11.Qd2 h6 12.Bh4 Ne5 13.O-O-O g5 14.Bg3 O-O 15.Kb1
Ng6 1/2-1/2

[Event "16th Varna it"]
[Site "Golden Sands BUL"]
[Date "1977.05.13"]
[Round "3"]
[White "Inkiov, Ventzislav"]
[Black "Bonsch, Uwe"]
[Result "0-1"]
[WhiteElo "2410"]
[BlackElo "2440"]
[EventDate "1977.05.10"]
[PlyCount "126"]

1.e4 c5 2.Nf3 d6 3.d4 cxd4 4.Nxd4 Nf6 5.Nc3 a6 6.Be3 e6 7.g3 Be7 8.Bg2 O-O
9.O-O Qc7 10.f4 Nc6 11.Nxc6 bxc6 12.Na4 d5 13.e5 Nd7 14.c4 Qa5 15.Kh1 Rb8 
16.Rc1 Rd8 17.cxd5 cxd5 18.a3 Qb5 19.Ba7 Ra8 20.Bd4 a5 21.f5 Ba6 22.f6 Bf8
23.fxg7 Bxg7 24.Nc5 Qe2 25.Nxd7 Rxd7 26.Qxe2 Bxe2 27.Rfe1 Bc4 28.Bf1 Bh6 
29.Rc2 Bxf1 30.Rxf1 a4 31.Rf3 Rb7 32.Rfc3 Kg7 33.Rc7 Rxc7 34.Rxc7 Kg6 35.
Kg2 Rb8 36.Kf3 Rb3+ 37.Ke2 Kf5 38.Bc3 Ke4 39.Ra7 d4 40.Rxa4 Be3 41.Rb4 
Rxb4 42.Bxb4 d3+ 43.Kd1 Kxe5 44.Bd2 Bg1 45.h3 Kd5 46.Bg5 e5 47.Kd2 e4 48.
b3 Bc5 49.a4 Bb4+ 50.Ke3 Bc3 51.Bf4 Ba5 52.Bg5 Bb6+ 53.Kd2 Ba5+ 54.Ke3 Bc3
55.Bf4 h5 56.g4 hxg4 57.hxg4 Bd4+ 58.Kd2 Kc5 59.a5 Kb4 60.Bc7 Bc3+ 61.Ke3 
Kxb3 62.Bf4 d2 63.Ke2 Bxa5 0-1

[Event "16th Varna it"]
[Site "Golden Sands BUL"]
[Date "1977.05.13"]
[Round "3"]
[White "Radev, Nikolai"]
[Black "Sydor, Andrzej"]
[Result "1-0"]
[WhiteElo "2430"]
[BlackElo "2425"]
[EventDate "1977.05.10"]
[PlyCount "95"]

1.e4 e5 2.Nf3 Nc6 3.Bb5 a6 4.Ba4 Nf6 5.O-O Nxe4 6.d4 Be7 7.d5 Nb8 8.Nxe5 
Nc5 9.Bb3 Nxb3 10.axb3 d6 11.Nd3 O-O 12.c4 Bf5 13.Nc3 Nd7 14.Be3 Bf6 15.
Qd2 Ne5 16.Nxe5 Bxe5 17.b4 Re8 18.c5 Qd7 19.Bd4 Rad8 20.f4 Bxd4+ 21.Qxd4 
Re7 22.Qc4 dxc5 23.bxc5 Qe8 24.Rad1 Bg4 25.Rd2 Re1 26.Qd4 Bf5 27.h3 Qe3+ 
28.Qxe3 Rxe3 29.Kf2 Rd3 30.Rxd3 Bxd3 31.Rd1 Bc2 32.Rd4 Bf5 33.g4 Bc8 34.b4
Kf8 35.b5 b6 36.bxa6 Bxa6 37.Ra4 Bd3 38.Ra7 bxc5 39.Rxc7 c4 40.Ke3 Ke8 41.
Kd4 Rd7 42.Rc8+ Ke7 43.Kc5 h6 44.Nb5 c3 45.d6+ Kf6 46.Nxc3 Ra7 47.Nd5+ Kg6
48.Nc7 1-0

[Event "16th Varna it"]
[Site "Golden Sands BUL"]
[Date "1977.05.13"]
[Round "3"]
[White "Semkov, Semko"]
[Black "Pinter, Jozsef"]
[Result "1-0"]
[WhiteElo "2300"]
[BlackElo "2445"]
[EventDate "1977.05.10"]
[PlyCount "81"]

1.e4 e5 2.Nf3 Nc6 3.Bc4 Nf6 4.d4 exd4 5.O-O Nxe4 6.Re1 d5 7.Bxd5 Qxd5 8.
Nc3 Qa5 9.Nxd4 Nxd4 10.Qxd4 f5 11.Bg5 Kf7 12.Nxe4 fxe4 13.Qc4+ Be6 14.Qxe4
Re8 15.Qf4+ Kg8 16.Re5 Qb6 17.Rae1 h6 18.Bh4 Bd6 19.Qa4 Bxe5 20.Qxe8+ Kh7 
21.Qa4 Bd5 22.Rxe5 Qxb2 23.Re1 b5 24.Qa5 Qxc2 25.Qxb5 Bxa2 26.h3 Rf8 27.
Qd7 Rf7 28.Qd8 Bb3 29.Qa8 c6 30.Re8 Bd5 31.Qd8 Qc1+ 32.Kh2 Qf4+ 33.Bg3 Qg5
34.Rh8+ Kg6 35.Qd6+ Qf6 36.Qb4 Qe6 37.f3 h5 38.Qh4 Rf5 39.Bf4 Qf6 40.Qg3+ 
Kf7 41.Bd6 1-0

[Event "16th Varna it"]
[Site "Golden Sands BUL"]
[Date "1977.05.14"]
[Round "4"]
[White "Bonsch, Uwe"]
[Black "Rogulj, Branko"]
[Result "1-0"]
[WhiteElo "2440"]
[BlackElo "2410"]
[EventDate "1977.05.10"]
[PlyCount "85"]

1.Nf3 c5 2.c4 Nc6 3.Nc3 Nf6 4.g3 d5 5.cxd5 Nxd5 6.Bg2 g6 7.O-O Bg7 8.Nxd5 
Qxd5 9.d3 O-O 10.Be3 Bd7 11.d4 cxd4 12.Nxd4 Qe5 13.Nf3 Qc7 14.Bf4 e5 15.
Bg5 h6 16.Be3 Rfd8 17.Qc1 Kh7 18.Nd2 Rac8 19.b3 Bg4 20.Re1 Nb4 21.h3 Qd7 
22.Nc4 Bxh3 23.Rd1 Qxd1+ 24.Qxd1 Rxd1+ 25.Rxd1 Bxg2 26.Kxg2 Rc7 27.a4 b6 
28.Rd8 Nc2 29.Ra8 Rd7 30.f3 f5 31.Bf2 Nd4 32.Bxd4 exd4 33.f4 g5 34.Nb2 Re7
35.Kf2 Kg6 36.Nd3 a5 37.Ra6 Re6 38.b4 axb4 39.a5 b3 40.Rxb6 Rxb6 41.axb6 
b2 42.Nxb2 gxf4 43.gxf4 1-0

[Event "16th Varna it"]
[Site "Golden Sands BUL"]
[Date "1977.05.15"]
[Round "5"]
[White "Radev, Nikolai"]
[Black "Bonsch, Uwe"]
[Result "0-1"]
[WhiteElo "2430"]
[BlackElo "2440"]
[EventDate "1977.05.10"]
[PlyCount "168"]

1.d4 Nf6 2.c4 d6 3.Nc3 Nbd7 4.e4 e5 5.Nf3 Be7 6.Be2 c6 7.O-O O-O 8.Re1 a6 
9.Bf1 b5 10.a3 Bb7 11.Bg5 h6 12.Bxf6 Bxf6 13.d5 cxd5 14.exd5 bxc4 15.Nd2 
Nb6 16.Nxc4 Nxc4 17.Bxc4 Bg5 18.a4 f5 19.a5 Qc7 20.Ra4 Bc8 21.Qe2 e4 22.b4
Bd7 23.Ra3 Rfb8 24.Rb1 Qa7 25.Na4 Bd8 26.Nc3 Bf6 27.g3 Rc8 28.Nd1 Bd4 29.
Ne3 Kh8 30.Kh1 Rf8 31.f4 exf3 32.Qxf3 Rac8 33.Bf1 f4 34.gxf4 Rfe8 35.Nc4 
Bf5 36.Bd3 Bxd3 37.Qxd3 Rc7 38.Rd1 Bf2 39.Qg6 Rf8 40.Nxd6 Rxf4 41.Rh3 Bh4 
42.b5 Qf2 43.b6 Re7 44.Qg1 Qe2 45.b7 Rf8 46.Rb3 Kh7 47.Rdb1 Rb8 48.Qg2 Bf2
49.h3 Qe5 50.Nc4 Qd4 51.d6 Re2 52.Qg4 Qd5+ 53.Qf3 Qxc4 54.d7 Bh4 55.Qd3+ 
Qxd3 56.Rxd3 Rc2 57.Rd6 Rc7 58.Rxa6 Rbxb7 59.Rxb7 Rxb7 60.Rd6 Bd8 61.a6 
Ra7 62.Kg2 g6 63.Kf3 Kg7 64.Ke4 Kf7 65.Ke5 h5 66.Ke4 Rc7 67.Kd3 h4 68.Kd2 
Rc4 69.Kd3 Rc1 70.Kd2 Ra1 71.Kc3 g5 72.Rh6 Ke7 73.Rh7+ Kd6 74.Kd4 Ra4+ 75.
Ke3 Ra3+ 76.Kd4 Rxh3 77.Kc4 Ra3 78.Kb4 Ra2 79.Kb5 g4 80.Rh6+ Kxd7 81.Rh7+ 
Be7 82.Kb6 g3 83.a7 g2 84.Rg7 h3 0-1

[Event "16th Varna it"]
[Site "Golden Sands BUL"]
[Date "1977.05.15"]
[Round "5"]
[White "Rogulj, Branko"]
[Black "Georgiev, Krum"]
[Result "1-0"]
[WhiteElo "2410"]
[BlackElo "2390"]
[EventDate "1977.05.10"]
[PlyCount "41"]

1.e4 c5 2.Nf3 d6 3.d4 cxd4 4.Nxd4 Nf6 5.Nc3 a6 6.Bg5 e6 7.f4 Qc7 8.Qf3 
Nbd7 9.O-O-O b5 10.Bxf6 Nxf6 11.e5 Bb7 12.Qh3 dxe5 13.Ncxb5 axb5 14.Bxb5+ 
Ke7 15.fxe5 Qxe5 16.Rhe1 Qf4+ 17.Kb1 Bd5 18.Nc6+ Bxc6 19.Bxc6 Rb8 20.Qa3+ 
Qb4 21.Qa7+ 1-0

[Event "16th Varna it"]
[Site "Golden Sands BUL"]
[Date "1977.05.15"]
[Round "5"]
[White "Semkov, Semko"]
[Black "Sydor, Andrzej"]
[Result "0-1"]
[WhiteElo "2300"]
[BlackElo "2425"]
[EventDate "1977.05.10"]
[PlyCount "92"]

1.e4 e5 2.Nf3 Nc6 3.Bc4 Nf6 4.d4 exd4 5.O-O Nxe4 6.Re1 d5 7.Nc3 dxc3 8.
Bxd5 Be6 9.Bxe4 Bb4 10.b3 Qxd1 11.Rxd1 O-O 12.Bf4 Ba5 13.a3 Rad8 14.Ng5 h6
15.Nxe6 fxe6 16.Rxd8 Rxd8 17.Bxc6 bxc6 18.Re1 Kf7 19.Kf1 Bb6 20.h4 Rd5 21.
g3 Kf6 22.Be3 Re5 23.Bf4 Rxe1+ 24.Kxe1 e5 25.Bc1 Kf5 26.f3 h5 27.Ke2 e4 
28.Bf4 Bc5 29.Bxc7 Bxa3 30.Ba5 Bd6 31.Kf2 Bc5+ 32.Ke2 Bd4 33.Bc7 g6 34.Bb8
a6 35.Bc7 Be5 36.g4+ Kf4 37.Bxe5+ Kxe5 38.gxh5 gxh5 39.Ke3 exf3 40.Kxf3 a5
41.Ke3 Kf5 42.Kf3 c5 43.Ke3 Kg4 44.Ke4 Kxh4 45.Kf4 Kh3 46.Kf3 h4 0-1

[Event "16th Varna it"]
[Site "Golden Sands BUL"]
[Date "1977.05.17"]
[Round "6"]
[White "Bonsch, Uwe"]
[Black "Georgiev, Krum"]
[Result "1/2-1/2"]
[WhiteElo "2440"]
[BlackElo "2390"]
[EventDate "1977.05.10"]
[PlyCount "80"]

1.Nf3 d6 2.d4 Nf6 3.Nc3 Nbd7 4.e4 c5 5.d5 g6 6.Be2 Bg7 7.O-O O-O 8.a4 Rb8 
9.Re1 Ne8 10.h3 a6 11.Nd2 Nc7 12.Nc4 Ne5 13.Nb6 Nd7 14.Nc4 Ne5 15.Na3 e6 
16.f4 Nd7 17.Nc4 exd5 18.exd5 Bd4+ 19.Kh2 b5 20.axb5 Nf6 21.bxa6 Ncxd5 22.
Be3 Nb4 23.Bf3 Bf5 24.Na3 Re8 25.Bxd4 Rxe1 26.Qxe1 cxd4 27.Ne2 Qb6 28.Qd2 
d3 29.Ng3 Nxc2 30.Nxc2 dxc2 31.Nxf5 gxf5 32.Rc1 Qxb2 33.Rxc2 Qb4 34.Qc1 
Kg7 35.Rc4 Qb3 36.Rc3 Qb4 37.Bd1 Ne4 38.Rb3 Qe1 39.Qb2+ Kh6 40.Rxb8 Qg3+ 
1/2-1/2

[Event "16th Varna it"]
[Site "Golden Sands BUL"]
[Date "1977.05.18"]
[Round "7"]
[White "Timoschenko, Gennady"]
[Black "Bonsch, Uwe"]
[Result "1-0"]
[WhiteElo "2505"]
[BlackElo "2440"]
[EventDate "1977.05.10"]
[PlyCount "69"]

1.e4 c5 2.Nf3 d6 3.d4 cxd4 4.Nxd4 Nf6 5.Nc3 a6 6.Be2 e6 7.f4 Be7 8.O-O O-O
9.Be3 Qc7 10.Kh1 Nbd7 11.a4 b6 12.Bf3 Bb7 13.Qe2 Nc5 14.e5 Nfe4 15.Nxe4 
Nxe4 16.exd6 Bxd6 17.Bg1 Nf6 18.Bxb7 Qxb7 19.Nxe6 Rfe8 20.Qd3 Rxe6 21.f5 
Re4 22.Qxd6 Re2 23.Rf3 Rae8 24.Qxb6 Qe4 25.Qxa6 Qxc2 26.Qd3 Qxb2 27.Qc3 
Qb7 28.a5 Ne4 29.a6 Qe7 30.Qc6 Rd8 31.a7 Qg5 32.g3 Qh5 33.Rd3 Rxh2+ 34.
Bxh2 Nf2+ 35.Kg1 1-0

[Event "16th Varna it"]
[Site "Golden Sands BUL"]
[Date "1977.05.19"]
[Round "8"]
[White "Bonsch, Uwe"]
[Black "Panbukchian, Valentin"]
[Result "1-0"]
[WhiteElo "2440"]
[BlackElo "2250"]
[EventDate "1977.05.10"]
[PlyCount "57"]

1.e4 e5 2.Nf3 Nc6 3.Bb5 a6 4.Ba4 Nf6 5.Qe2 Bc5 6.O-O O-O 7.c3 Re8 8.b4 Bf8
9.d3 b5 10.Bb3 a5 11.Ng5 Re7 12.f4 d6 13.fxe5 Nxe5 14.d4 Ng6 15.Nd2 Qe8 
16.e5 dxe5 17.Nde4 Ra6 18.Nxf7 Rxf7 19.Ng5 Nh8 20.dxe5 h6 21.Nxf7 Nxf7 22.
Bxh6 gxh6 23.Qd3 Kh8 24.exf6 a4 25.Rae1 Be6 26.Bc2 Ng5 27.h4 Rd6 28.Qg3 
Nf7 29.Qg6 1-0

[Event "16th Varna it"]
[Site "Golden Sands BUL"]
[Date "1977.05.20"]
[Round "9"]
[White "Kerchev, Zlatozar"]
[Black "Inkiov, Ventzislav"]
[Result "0-1"]
[WhiteElo "2250"]
[BlackElo "2410"]
[EventDate "1977.05.10"]
[PlyCount "78"]

1.e4 c5 2.Nf3 d6 3.c3 Nf6 4.Qc2 Bg4 5.d4 Nbd7 6.Be3 Qc7 7.Na3 e6 8.Nd2 a6 
9.f4 Bh5 10.dxc5 Nxc5 11.h3 d5 12.g4 Bxg4 13.hxg4 Nxg4 14.Bg1 Qxf4 15.exd5
Qg3+ 16.Kd1 O-O-O 17.c4 exd5 18.Qf5+ Kb8 19.cxd5 Na4 20.Nac4 Bb4 21.Be2 
Nxb2+ 22.Nxb2 Qxg1+ 23.Rxg1 Ne3+ 24.Ke1 Nxf5 25.Nd3 Ba5 26.Nf4 h6 27.Rb1 
Rhe8 28.Rb2 g5 29.Nh5 Nd4 30.Rg2 Nf3+ 31.Kd1 Nxd2 32.Bxa6 Ka7 33.Bxb7 Nc4 
34.Bc6 Nxb2+ 35.Rxb2 Re1+ 36.Kc2 Re2+ 37.Kc1 Rxb2 38.Kxb2 Bc7 39.Kc2 Be5 
0-1

[Event "16th Varna it"]
[Site "Golden Sands BUL"]
[Date "1977.05.14"]
[Round "9"]
[White "Panbukchian, Valentin"]
[Black "Pinter, Jozsef"]
[Result "0-1"]
[WhiteElo "2250"]
[BlackElo "2445"]
[EventDate "1977.05.10"]
[PlyCount "84"]

1.e4 e5 2.Nf3 Nc6 3.d4 exd4 4.c3 dxc3 5.Nxc3 d6 6.Bc4 Nf6 7.Qb3 Qd7 8.Ng5 
Ne5 9.Bb5 c6 10.f4 Neg4 11.h3 cxb5 12.hxg4 b4 13.Nd5 b6 14.Be3 Nxd5 15.
Qxd5 Bb7 16.Qb3 h6 17.e5 d5 18.f5 Rc8 19.e6 fxe6 20.Nxe6 Qb5 21.Bd4 Kd7 
22.Rd1 Bd6 23.Kf2 Rc4 24.Bxg7 Rhc8 25.Nd4 Bc5 26.Rxh6 Rc2+ 27.Kg3 Bxd4 28.
Bxd4 Qe2 29.Qf3 Qe7 30.Re6 Qf7 31.Be5 R8c5 32.Rd6+ Kc8 33.Rh1 Bc6 34.Rg6 
d4 35.Rh8+ Kb7 36.Rb8+ Ka6 37.Qd3+ Ka5 38.Qxd4 Rxg2+ 39.Kh4 Rc4 40.Qd6 
Qh7+ 41.Rh6 Rgxg4+ 42.Kh3 Rh4+ 0-1

[Event "16th Varna it"]
[Site "Golden Sands BUL"]
[Date "1977.05.20"]
[Round "9"]
[White "Semkov, Semko"]
[Black "Bonsch, Uwe"]
[Result "0-1"]
[WhiteElo "2300"]
[BlackElo "2440"]
[EventDate "1977.05.10"]
[PlyCount "143"]

1.e4 c5 2.Nf3 e6 3.d4 cxd4 4.Nxd4 a6 5.Nc3 Nc6 6.Be2 Nge7 7.Bf4 d6 8.Nxc6 
Nxc6 9.Qd2 Be7 10.Rd1 Ne5 11.Be3 O-O 12.Na4 b5 13.Nb6 Rb8 14.Nxc8 Qxc8 15.
b3 Qc6 16.f4 Nd7 17.Bf3 Rfc8 18.Rc1 Bh4+ 19.g3 Bf6 20.c4 b4 21.O-O Bc3 22.
Qf2 Qc7 23.Ba7 Ra8 24.Bd4 Bxd4 25.Qxd4 Nc5 26.Rcd1 Rd8 27.Rf2 e5 28.Qd5 
Ne6 29.Bg4 Nf8 30.f5 Qe7 31.Qd2 Qf6 32.Qxb4 a5 33.Qd2 h6 34.h4 Kh7 35.Rf3 
Nd7 36.Rd3 Nc5 37.Rxd6 Nxe4 38.Rxf6 Rxd2 39.Rxd2 Nxf6 40.Bf3 e4 41.Bg2 Rb8
42.Re2 a4 43.Rb2 Rd8 44.Kf2 a3 45.Re2 Rd4 46.Ke1 Rd3 47.Rc2 Re3+ 48.Kd1 
Rxg3 49.Re2 g6 50.fxg6+ Kxg6 51.Kc2 Kf5 52.c5 Ke5 53.c6 Kd6 54.Bxe4 Nxe4 
55.Rxe4 Rg2+ 56.Kc3 Kxc6 57.Rc4+ Kd5 58.Rf4 Ke6 59.Ra4 Rxa2 60.Ra6+ Ke5 
61.b4 f5 62.Kb3 Ra1 63.Rxh6 f4 64.Rh8 a2 65.h5 f3 66.Rf8 Ke4 67.Re8+ Kf4 
68.Rf8+ Ke3 69.h6 Rh1 70.Kxa2 Rxh6 71.Re8+ Kf2 72.Rf8 0-1

[Event "16th Varna it"]
[Site "Golden Sands BUL"]
[Date "1977.05.22"]
[Round "10"]
[White "Bonsch, Uwe"]
[Black "Pinter, Jozsef"]
[Result "1-0"]
[WhiteElo "2440"]
[BlackElo "2445"]
[EventDate "1977.05.10"]
[PlyCount "87"]

1.Nf3 c5 2.c4 Nf6 3.Nc3 d5 4.cxd5 Nxd5 5.Qb3 Nc7 6.e3 Nc6 7.d4 e6 8.a3 Be7
9.dxc5 Bxc5 10.Qc4 Be7 11.b4 Bf6 12.Bb2 O-O 13.Be2 Bd7 14.O-O Rc8 15.Qb3 
Qe7 16.Nd2 Ne8 17.Nde4 Be5 18.Rfd1 Nf6 19.Nxf6+ Bxf6 20.Ne4 Bxb2 21.Qxb2 
Nb8 22.Nd6 Rc7 23.b5 Rd8 24.Bf3 b6 25.g3 Be8 26.Qb4 Rcd7 27.Nxe8 Qxe8 28.
Rxd7 Qxd7 29.Rc1 Rc8 30.Rxc8+ Qxc8 31.Qd6 g6 32.Bc6 a6 33.a4 axb5 34.axb5 
Kg7 35.Qd4+ Kh6 36.Qh4+ Kg7 37.Qd4+ Kh6 38.Qxb6 e5 39.Kg2 Qh8 40.Qc7 f5 
41.h4 g5 42.Qd6+ Kh5 43.Qe7 gxh4 44.Be8+ 1-0

[Event "16th Varna it"]
[Site "Golden Sands BUL"]
[Date "1977.05.23"]
[Round "11"]
[White "Georgiev, Krum"]
[Black "Inkiov, Ventzislav"]
[Result "1-0"]
[WhiteElo "2390"]
[BlackElo "2410"]
[EventDate "1977.05.10"]
[PlyCount "49"]

1.e4 c5 2.Nf3 d6 3.d4 cxd4 4.Nxd4 Nf6 5.Nc3 a6 6.Bg5 e6 7.f4 Be7 8.Qf3 Qc7
9.O-O-O Nbd7 10.Bd3 b5 11.Rhe1 Bb7 12.Nd5 Nxd5 13.exd5 Bxg5 14.Rxe6+ fxe6 
15.Nxe6 Qb6 16.Qh5+ g6 17.Qxg5 Qe3+ 18.Kb1 Kf7 19.Qh6 Bxd5 20.Qg7+ Kxe6 
21.f5+ gxf5 22.Bxf5+ Kxf5 23.Rf1+ Qf4 24.Qxd7+ Kg5 25.h4+ 1-0

[Event "16th Varna it"]
[Site "Golden Sands BUL"]
[Date "1977.05.24"]
[Round "12"]
[White "Bonsch, Uwe"]
[Black "Antonov, Vladimir"]
[Result "1-0"]
[WhiteElo "2440"]
[BlackElo "2305"]
[EventDate "1977.05.10"]
[PlyCount "97"]

1.Nf3 Nf6 2.c4 c5 3.g3 g6 4.Bg2 Bg7 5.O-O O-O 6.d4 d6 7.Nc3 Nc6 8.d5 Na5 
9.Nd2 e5 10.a3 b6 11.b4 Nb7 12.e4 Ne8 13.Bb2 f5 14.exf5 gxf5 15.f4 Bd7 16.
Qe2 Rc8 17.b5 Qe7 18.Rae1 Nc7 19.Nd1 Rce8 20.Qh5 e4 21.Bxg7 Qxg7 22.Qg5 
Kh8 23.Qxg7+ Kxg7 24.Ne3 Re7 25.h3 h5 26.g4 hxg4 27.hxg4 fxg4 28.f5 Ne8 
29.Nxe4 Nf6 30.Ng5 Rg8 31.Ne6+ Kf7 32.Kf2 Na5 33.Rh1 Nb3 34.Rh4 Ree8 35.
Kg3 Nd4 36.Reh1 Bc8 37.Rh6 Re7 38.Kf2 Ree8 39.Ke1 Re7 40.Kd2 Ree8 41.Kd3 
Re7 42.Be4 Ree8 43.a4 Nb3 44.Ng2 Nd2 45.Rh7+ Nxh7 46.Rxh7+ Kf6 47.Kxd2 Rh8
48.Rxa7 Ke5 49.Kd3 1-0

[Event "16th Varna it"]
[Site "Golden Sands BUL"]
[Date "1977.05.26"]
[Round "13"]
[White "Lengyel, Ferenc"]
[Black "Bonsch, Uwe"]
[Result "0-1"]
[WhiteElo "2355"]
[BlackElo "2440"]
[EventDate "1977.05.10"]
[PlyCount "94"]

1.d4 Nf6 2.c4 d6 3.Nc3 Nbd7 4.e4 e5 5.Be3 Be7 6.h3 O-O 7.Nf3 c6 8.Be2 a6 
9.a4 exd4 10.Bxd4 Nc5 11.Bxc5 dxc5 12.Qxd8 Bxd8 13.O-O Re8 14.Bd3 Nh5 15.
Rfd1 Nf4 16.Bf1 g5 17.Rd2 h5 18.Rad1 Be6 19.Ne5 Bf6 20.Nd7 Bxd7 21.Rxd7 
Rab8 22.g3 Ng6 23.Be2 h4 24.gxh4 gxh4 25.Kh1 Nf4 26.Rg1+ Kf8 27.Rg4 Nxe2 
28.Nxe2 Red8 29.Rxd8+ Rxd8 30.e5 Bxe5 31.Rxh4 Bxb2 32.Kg2 Rd3 33.Ng3 Ra3 
34.Ne4 Bd4 35.Nd6 Rxa4 36.Rh7 Kg8 37.Rh5 Rb4 38.Rg5+ Kf8 39.Rf5 f6 40.h4 
a5 41.h5 Kg7 42.Rf3 Rb2 43.Kh3 a4 44.Rg3+ Kh7 45.Nf7 Bxf2 46.Rg4 Rb3+ 47.
Kg2 Rg3+ 0-1

[Event "16th Varna it"]
[Site "Golden Sands BUL"]
[Date "1977.05.26"]
[Round "13"]
[White "Rogulj, Branko"]
[Black "Semkov, Semko"]
[Result "1-0"]
[WhiteElo "2410"]
[BlackElo "2300"]
[EventDate "1977.05.10"]
[PlyCount "77"]

1.e4 c5 2.Nf3 Nc6 3.d4 cxd4 4.Nxd4 Nf6 5.Nc3 e5 6.Ndb5 d6 7.Bg5 a6 8.Na3 
b5 9.Bxf6 gxf6 10.Nd5 f5 11.Qd3 Bg7 12.exf5 O-O 13.Qe4 Nd4 14.g4 Bb7 15.
O-O-O Rc8 16.h4 Rc5 17.Rxd4 exd4 18.Ne7+ Kh8 19.Qxb7 Rc7 20.Qxa6 Qxe7 21.
Bd3 b4 22.Nb5 Rcc8 23.Qxd6 Qxd6 24.Nxd6 Rc6 25.Nc4 Ra8 26.Re1 Rh6 27.h5 
Rha6 28.g5 f6 29.h6 Bf8 30.f4 Rxa2 31.b3 Ra1+ 32.Kd2 Rxe1 33.Kxe1 Ra1+ 34.
Kf2 Be7 35.g6 Rh1 36.g7+ Kg8 37.Nd6 Rxh6 38.Ne8 Rh2+ 39.Kg3 1-0